Cazador de fantasmas /
Desde el día en que solucionaste el asesinato de Harlowe Thrombey, te convertiste en un famoso detective. Pero ahora has decidido iniciar una nueva carrera: cazador de fantasmas. Y comenzarás con el fantasma de Harlowe Thrombey. Te encuentras en el oscuro y sombrío sótano de su mansión, cuando un re...
Guardado en:
| Autor Principal: | |
|---|---|
| Otros Autores: | |
| Formato: | Libro |
| Idioma: | Undetermined |
| Publicado: |
Buenos Aires :
Atlántida,
1992.
|
| Edición: | 2a ed. |
| Series: | Elige tu propia aventura ;
37 |
| Materias: | |
| Etiquetas: |
Agregar Etiqueta
Sin Etiquetas, Sea el primero en etiquetar este registro!
|
| LEADER | 01213nam a22002535a 4500 | ||
|---|---|---|---|
| 001 | CEM.cems021296 | ||
| 008 | 240710s1992####ag############000#0#und#d | ||
| 005 | 20240710183926.0 | ||
| 245 | 1 | 0 | |a Cazador de fantasmas / |c Edward Packard ; ilustrado por Ted Enik. |
| 250 | |a 2a ed. | ||
| 260 | |a Buenos Aires : |b Atlántida, |c 1992. | ||
| 300 | |a 122 p. | ||
| 490 | 1 | |a Elige tu propia aventura ; |v 37 | |
| 500 | |a Traducción: Carlos Coldaroli. | ||
| 520 | |a Desde el día en que solucionaste el asesinato de Harlowe Thrombey, te convertiste en un famoso detective. Pero ahora has decidido iniciar una nueva carrera: cazador de fantasmas. Y comenzarás con el fantasma de Harlowe Thrombey. Te encuentras en el oscuro y sombrío sótano de su mansión, cuando un resplandor blanco aparece súbitamente en lo alto de la escalera. Oyes unas carcajadas siniestras. ¡Es el fantasma de Harlowe Thrombey! | ||
| 020 | |a 9500809087 | ||
| 100 | 1 | |a Packard, Edward. | |
| 700 | 1 | |a Enik, Ted; il. | |
| 653 | |a Literatura juvenil | ||
| 653 | |a Literatura estadounidense | ||
| 653 | |a Novela de aventuras | ||
| 653 | |a Novela juvenil | ||
| 653 | |a Novela estadounidense | ||
| 859 | |a CEMS |b BIB. CEMS - 11 de abril |h 813.5 |i P121-2 |p 29497.24 |t Ej.1 | ||
